LEADER 00969nam0-22003251i-450- 001 990003851180403321 005 20080111090452.0 035 $a000385118 035 $aFED01000385118 035 $a(Aleph)000385118FED01 035 $a000385118 100 $a20030910d1971----km-y0itay50------ba 101 0 $aeng 102 $aIT 200 1 $aProductivity and Factor Proportions in Less Developed Countries$ethe Case of Industrial Firms in the Congo$fby J. Gouverneur. 210 $aOxford$cClarendon Press$d1971. 215 $axvii, 171 p.$cill.$d22 cm 610 0 $aPaesi in via di sviluppo 610 0 $aProduttivitā 676 $aF/3.2 676 $aG/1.1 676 $aH/2.11 702 1$aGouverneur,$bJacques 801 0$aIT$bUNINA$gRICA$2UNIMARC 901 $aBK 912 $a990003851180403321 952 $aG/1.1 GOU$b3038/I$fSES 959 $aSES 996 $aProductivity and Factor Proportions in Less Developed Countries$9515331 997 $aUNINA LEADER 00983cam2 22002531 450 001 SOBE00043500 005 20140528085923.0 100 $a20140528d1930 |||||ita|0103 ba 101 $aita 102 $aIT 200 0 $a2$fMargherita Nugent 210 $aSan Casciano Val di Pesa$cSocietā editrice toscana$d1930 215 $a632 p.$cill.$d25 cm 461 1$1001SOBE00043499$12001 $aAlla Mostra della pittura italiana del '600 e '700 : note e impressioni / Margherita Nugent 700 1$aNugent$b, Margherita$3SOBA00010016$4070$0484021 801 0$aIT$bUNISOB$c20140528$gRICA 850 $aUNISOB 852 $aUNISOB$j4|C$m12527|ort 912 $aSOBE00043500 940 $aM 102 Monografia moderna SBN 941 $aW 957 $xFondo|Ortolani$a4|C$b003$fModalitā di consultazione sulla home page della Biblioteca link Fondi$gNO$d12527|ort$hOrtolaniS$rdono$1calvano123$2UNISOB$3UNISOB$420140528090205.0$520140528090254.0$6calvano123 996 $a2$91711649 997 $aUNISOB